000 00331nam a2200133Ia 4500
005 20260326100028.0
008 260326s9999||||xx |||||||||||||| ||und||
100 _aSchuster, Franz
245 0 _aBalkone = Balconies = Balcons /
_cFranz Schuster
260 _bJulius Hoffmann
300 _a148 p.
650 _aBALCONES
942 _cBK
999 _c6494
_d6494